000 00449nam a2200145 i 4500
001 102561
003 ES-MaACL
007 t|
008 051117s1953 sp ||||1| spa d
100 1 _aMerino, José.
_980519
245 1 0 _aDiccionario militar técnico español-inglés, inglés-español /
_cJosé Merino.
260 _aMadrid :
_b[s.n.],
_c1953 (
_fImp. Rehyma)
300 _a463 p. con 13 lám. ;
_c20 cm.
852 _aES-MaACL
_jC-6317
_bR.35658
999 _c102561
_d102561